Music Quiz

Random Music Quiz
Score 0/295 Timer 11:00
0 Plays Today
Hint Answer % Correct
the
100%
a
100%
the
100%
and
100%
and
100%
and
100%
and
100%
and
100%
and
100%
and
100%
and
100%
the
100%
and
100%
the
100%
the
100%
the
100%
the
100%
the
100%
the
100%
the
100%
the
100%
the
100%
the
100%
the
100%
the
100%
the
100%
is
97.8%
is
97.8%
to
97.8%
up
97.8%
up
97.8%
is
97.8%
to
97.8%
to
97.8%
to
97.8%
to
97.8%
is
97.8%
is
97.8%
up
97.8%
is
97.8%
is
97.8%
up
97.8%
it
96.8%
it
96.8%
it
96.8%
it
96.8%
it
96.8%
it
96.8%
it
96.8%
it
96.8%
it
96.8%
What
94.6%
What
94.6%
What
94.6%
What
94.6%
of
93.5%
of
93.5%
of
93.5%
of
93.5%
of
93.5%
get
92.5%
isn't
92.5%
get
92.5%
get
92.5%
in
92.5%
Can
92.5%
Can
92.5%
way
91.4%
can't
91.4%
way
91.4%
can't
91.4%
can't
91.4%
can't
91.4%
can't
91.4%
can't
91.4%
like
90.3%
like
90.3%
Like
90.3%
like
90.3%
Return
89.2%
for
89.2%
out
89.2%
out
89.2%
for
89.2%
for
89.2%
out
89.2%
out
89.2%
we
88.2%
do
88.2%
We
88.2%
We
88.2%
we
88.2%
we
88.2%
we
88.2%
we
88.2%
Mac
87.1%
Looking
87.1%
better
87.1%
our
87.1%
Hint Answer % Correct
our
87.1%
go
87.1%
go
87.1%
our
87.1%
go
87.1%
our
87.1%
put
86%
put
86%
put
86%
hold
86%
us
86%
hold
86%
us
86%
hold
86%
put
86%
us
86%
on
84.9%
on
84.9%
on
84.9%
on
84.9%
on
84.9%
on
84.9%
on
84.9%
So
84.9%
So
84.9%
this
83.9%
back,
83.9%
this
83.9%
back,
83.9%
this
83.9%
does
82.8%
bed
82.8%
me,
82.8%
me
82.8%
me
82.8%
me
82.8%
ceiling
82.8%
ceiling
82.8%
ceiling
82.8%
bit
81.7%
bit
81.7%
internet
80.6%
little
80.6%
little
80.6%
moment
80.6%
it's
80.6%
moment
80.6%
it's
80.6%
humble
79.6%
Tonight
79.6%
night,
79.6%
tonight
79.6%
night
79.6%
Instead
78.5%
walking
78.5%
fight
78.5%
hands
78.5%
fight
78.5%
hands
78.5%
getting
77.4%
here
77.4%
here
77.4%
here
77.4%
till
77.4%
over
77.4%
till
77.4%
over
77.4%
checking
76.3%
my
76.3%
my
76.3%
my
76.3%
my
76.3%
my
76.3%
my
76.3%
my
76.3%
that
75.3%
that
75.3%
that
75.3%
that
75.3%
that
75.3%
Broadway
74.2%
did
74.2%
I
74.2%
I
74.2%
I
74.2%
(space needed)I
74.2%
I
74.2%
party
73.1%
we'll
72%
we'll
72%
been
71%
T
71%
cautious
69.9%
somewhere
69.9%
between
69.9%
music
69.9%
everything
69.9%
into
68.8%
N
68.8%
Hint Answer % Correct
N
68.8%
N
68.8%
hit
67.7%
record
67.7%
i'm
67.7%
bones
66.7%
D
66.7%
E
66.7%
P
66.7%
E
66.7%
D
66.7%
E
66.7%
give
66.7%
give
66.7%
Cosby
65.6%
stage
65.6%
got
65.6%
****
65.6%
y'all
64.5%
trust
64.5%
was
64.5%
across
64.5%
country
64.5%
across
64.5%
country
64.5%
skin
63.4%
style
63.4%
Chasing
63.4%
tell
63.4%
nothing
63.4%
tell
63.4%
nothing
63.4%
Rocky
62.4%
light
62.4%
suit
62.4%
Money,
62.4%
they
62.4%
people
62.4%
Spread
62.4%
they
62.4%
people
62.4%
Spread
62.4%
sweater
61.3%
down
61.3%
bob
61.3%
dreams
61.3%
since
61.3%
shed
60.2%
With
60.2%
with
60.2%
moonwalking
59.1%
four
59.1%
shop
58.1%
copy
58.1%
Grown
58.1%
barker
58.1%
around
58.1%
hustlin'
58.1%
shine
57%
labels
57%
Labels
57%
thrift
55.9%
pimp
55.9%
game
55.9%
bad
55.9%
let
55.9%
game
55.9%
stay
54.8%
stick
54.8%
14
53.8%
city
53.8%
strut
52.7%
pass
52.7%
yet
50.5%
plinko
50.5%
those
49.5%
pounds
49.5%
cross
49.5%
town
48.4%
nope
47.3%
nope
47.3%
Halfway
47.3%
backpack
47.3%
posse's
46.2%
torch
46.2%
track
45.2%
cat,
45.2%
but,
44.1%
em
40.9%
who
38.7%
bussing
37.6%
Fat
36.6%
craft
35.5%
Nah
35.5%
Nah
35.5%
crushing
32.3%
yup
23.7%
Remove Ads.
Support Sporcle.
Get the best of Sporcle when you Go Orange. This ad-free experience offers more features, more stats, and more fun while also helping to support Sporcle. Thank you for becoming a member.

You're not logged in!

Compare scores with friends on all Sporcle quizzes.
OR
Log In

Show Comments

Extras

Created Sep 23, 2019ReportNominate
Tags:cant, Ceiling, hold

Top Quizzes Today


Score Distribution

Your Account Isn't Verified!

In order to create a playlist on Sporcle, you need to verify the email address you used during registration. Go to your Sporcle Settings to finish the process.

Report this User

Report this user for behavior that violates our Community Guidelines.

Details: